000 00390nam a2200145Ia 4500
008 231129s1999||||xx |||||||||||||| ||spa||
020 _a958-600-799-5
040 _bspa
082 _a370.114 M827v
100 _aMora G. Guillermo E
245 0 _aValores humanos y actitudes positivas
260 _c1999
264 _aMcGraw-Hill
942 _2ddc
_cBKS
999 _c26121
_d26121